Food toxicants analysis : techniques, strategies and developments
Đã lưu trong:
| Formáid: | Sách |
|---|---|
| Teanga: | Undetermined |
| Foilsithe: |
Elsevier
2007
|
| Ábhair: | |
| Clibeanna: |
Cuir Clib Leis
Gan Chlibeanna, Bí ar an gcéad duine leis an taifead seo a chlibeáil!
|
| Thư viện lưu trữ: | Trung tâm Thư viện - Trường Đại học Công nghiệp TP. Hồ Chí Minh |
|---|
| LEADER | 00470nam a2200133Ia 4500 | ||
|---|---|---|---|
| 001 | UIH_03222 | ||
| 008 | 231011s9999 xx 000 0 und d | ||
| 082 | |a 664.07 | ||
| 245 | 0 | |a Food toxicants analysis : techniques, strategies and developments | |
| 260 | |b Elsevier | ||
| 260 | |c 2007 | ||
| 650 | |a Food toxicants; Molecular biology; Thực phẩm; | ||
| 927 | |a Sách | ||
| 980 | |a Trung tâm Thư viện - Trường Đại học Công nghiệp TP. Hồ Chí Minh | ||